000 00927nam a2200229Ii 4500
003 JO-AjNU
008 230605s9999||||xx |||||||||||||| ||und||
017 _a2010/22071
020 _a978-977-428-022-1
040 _aJO-AjNU
_bara
_erda
_cJO-AjNU
041 _aara
050 1 4 _aKBP19.I27.2011
100 3 _aعبد السميع، حسني,
_eauthor
_943949
245 0 0 _aالمعاملات التجارية الإلكترونية في الشريعة الإسلامية: "دراسة مقارنة"
250 _aط1
264 3 1 _aالقاهرة : مصر العربية ، 2011
300 _a447ص
_bيشتمل على مراجع ببلوغرافية ص (443 -447 )
336 _atext
_btxt
_2rdacontent
337 _aunmediated
_bn
_2rdamedia
338 _avolume
_bnc
_2rdacarrier
650 4 _aالقانون التجاري -- الأردن -- التجارة الإلكترونية -- قوانين وتشريعات
_943950
999 _aA18935
_c22503
_d22503